How to market your library service effectively

Αποθηκεύτηκε σε:
Λεπτομέρειες βιβλιογραφικής εγγραφής
Κύριος συγγραφέας: Coote, Helen
Άλλοι συγγραφείς: Batchelor, Bridget
Μορφή: Βιβλίο
Γλώσσα:English
Δημοσίευση: London : Aslib, 1997
Έκδοση:2nd ed.
Σειρά:Aslib know how series
Θέματα:
Ετικέτες: Προσθήκη ετικέτας
Δεν υπάρχουν, Καταχωρήστε ετικέτα πρώτοι!

MARC

LEADER 00000cam a2200000 i 4500
001 1/87179
008 990722s1997 eng d
020 |a 0-85142-396-5 
035 |l 10052240 
040 |a GR-MY-UA  |b gre  |e aacr 
041 0 |a eng 
082 0 |a 021.7 
100 1 |a Coote, Helen. 
245 1 0 |a How to market your library service effectively /  |c Helen Coote, Bridget Batchelor 
250 |a 2nd ed. 
260 |a London :   |b Aslib,   |c 1997 
300 |a 52 σ.;  |b εικ.;  |c 24 εκ. 
490 1 |a Aslib know how series 
650 0 0 |a Libraries  |x Marketing. 
650 0 0 |a Libraries  |x Public relations. 
650 0 0 |a Advertising  |x Libraries. 
700 1 |a Batchelor, Bridget. 
830 0 |a Aslib know how series 
852 |a INST  |b LESVOS  |e 19990722  |h 021.7 COO  |p 005100021242  |q 005100021242  |t BK  |y 0 
901 |a BIBL1-2000-2 
909 |a Λ  |b 062386 
922 |a 1ΕΛΗ  |b 199912  |c ΚΠΣ/ΚΥΒ  |d LEADER 
950 |a 023-1998-09-14 
970 |z 2000/07/ΔΕΜΕΝΑΓΑΣ